Statystyki dla Z jakiego państwa jest ten piłkarz? (poziom łatwy)

Kliknij tutaj aby rozwiązać quiz!

Ogólne statystyki

  • Ten quiz został rozwiązany 314 razy
  • Średni wynik to 14 z 15

Statystyki odpowiedzi

PiłkarzNarodowość% Poprawnych
Lionel MessiArgentyna
100%
Robert LewandowskiPolska
100%
Cristiano RonaldoPortugalia
100%
NeymarBrazylia
99%
Jakub BłaszczykowskiPolska
99%
Wojciech SzczęsnyPolska
99%
Łukasz PiszczekPolska
99%
Kylian MbappéFrancja
98%
Kamil GrosickiPolska
98%
Harry KaneAnglia
95%
Antoine GriezmannFrancja
94%
Toni KroosNiemcy
92%
Zlatan IbrahimovićSzwecja
92%
Luis SuárezUrugwaj
92%
Gianluigi BuffonWłochy
91%

Rozkład punktacji

Percentyl według liczby udzielonych odpowiedzi

Procent ludzi z każdym wynikiem

Twoja historia wyników

Nie rozwiązałeś tego quizu